| 000 | 01113nam a22003137a 4500 | ||
|---|---|---|---|
| 999 |
_c28767 _d28738 |
||
| 003 | EG-ScBUE | ||
| 005 | 20200921130010.0 | ||
| 008 | 200219s2017 cc f 001 0 mul d | ||
| 020 | _a9787561949641 | ||
| 040 |
_aEG-ScBUE _beng _erda _cEG-ScBUE _dEG-ScBUE |
||
| 041 | 0 |
_achi _aeng |
|
| 082 | 0 | 4 |
_a495.180071 _bSTA _222 |
| 240 | 1 | 0 |
_a标准汉语会话360句. _lchinese |
| 245 | 0 | 0 |
_a360 standard sentences in Chinese conversations. _n1 / _cXuan Wang [and three others] |
| 246 | 3 | _aThree hundred and sixty standard sentences in Chinese conversations | |
| 250 | _aDi 1 ban. | ||
| 264 | 1 |
_aBeijing : _bBeijing Language and Culture University Press, _c2017. |
|
| 300 |
_aiv, 164 pages ; _c24 cm |
||
| 336 |
_2rdacontent _atext _btxt |
||
| 337 |
_2rdamedia _aunmediated _bn |
||
| 338 |
_2rdacarrier _avolume _bnc |
||
| 500 | _aIncludes index. | ||
| 546 | _aText in English and Chinese language. | ||
| 650 | 7 |
_aChinese language _xStudy and teaching _xForeign speakers. _2BUEsh |
|
| 653 |
_bAAHHCHINA _cSeptember2020 |
||
| 655 |
_vText book _933728 |
||
| 700 | 1 |
_aWang, Xuan, _d1942- _eauthor. |
|
| 942 |
_2ddc _cTXT |
||